Xây dựng Website trường trung học phổ thông Ngũ Hành Sơn

Cơ sở lý thuyết: Word wide web, HTML và các cơ bản, một số thẻ cơ bản, ASP, VBScript. Phân tích và thiết kế hệ thống: giới thiệu sơ lược về hệ thống website THPT Ngũ Hành Sơn, sơ đồ chức năng tổng quát, chức năng admin, chức năng của khách, tổ chức dữ liệu. Xây dựng chương trình và kết quả demo...

Fuld beskrivelse

Đã lưu trong:
Bibliografiske detaljer
Hovedforfatter: Mai, Thị Thanh Hiếu
Andre forfattere: Ngô, Đình Thưởng Th.S (Hướng dẫn)
Format: Bog
Sprog:Vietnamese
Udgivet: Đại học Đà Nẵng Trường đại học Sư Phạm 2011
Serier:Khóa luận tốt nghiệp Đại học. Chuyên ngành: Cử nhân Toán tin
Fag:
Tags: Tilføj Tag
Ingen Tags, Vær først til at tagge denne postø!
Thư viện lưu trữ: Mạng thư viện Đại học Đà Nẵng
LEADER 01671nam a2200349 4500
001 000011543
003 7796
005 20120207080224.0
008 120207s2011 viesd
041 |a vie 
072 |a Khóa luận tốt nghiệp 
082 |a 005.3  |b MA-H 
100 |a Mai, Thị Thanh Hiếu 
245 |a Xây dựng Website trường trung học phổ thông Ngũ Hành Sơn  |c Mai, Thị Thanh Hiếu 
260 |a Đại học Đà Nẵng  |b Trường đại học Sư Phạm  |c 2011 
300 |a 54 tr.  |c 29 cm 
490 |a Khóa luận tốt nghiệp Đại học. Chuyên ngành: Cử nhân Toán tin 
500 |a Tham khảo tr.54 
520 |a Cơ sở lý thuyết: Word wide web, HTML và các cơ bản, một số thẻ cơ bản, ASP, VBScript. Phân tích và thiết kế hệ thống: giới thiệu sơ lược về hệ thống website THPT Ngũ Hành Sơn, sơ đồ chức năng tổng quát, chức năng admin, chức năng của khách, tổ chức dữ liệu. Xây dựng chương trình và kết quả demo 
653 |a Khóa luận tốt nghiệp đại học 
653 |a Khoa Toán 
700 |a Ngô, Đình Thưởng  |c Th.S  |e Hướng dẫn 
OWN |a LSP 
AVA |a UDN50  |b LSP  |d 005.3 MA-H  |e available  |t Error 5001 Not defined in file expand_doc_bib_avail.  |f 1  |g 0  |h N  |i 0  |k 1 
999 |a From the UDN01 
AVA |a UDN50  |b LSP  |d 005.3 MA-H  |e available  |t Error 5001 Not defined in file expand_doc_bib_avail.  |f 1  |g 0  |h N  |i 0  |k 1 
TYP |a Monograph 
TYP |a Printed language 
980 |a Mạng thư viện Đại học Đà Nẵng